Pokémon ayant plusieurs formes - Statistiques

Statistiques générales
  • Ce quiz a été pris 828 fois
    422 depuis la dernière actualisation
  • Le résultat moyen est 56 sur 128
Statistiques - réponses
Type de Forme Pokémon % Correct
Alola Goupix
87%
Alola/ Galar Miaouss
87%
Alola Feunard
85%
Alola Persian
83%
Alola Raichu
82%
Alola Sabelette
74%
Alola Sablaireau
74%
Alola Rattata
72%
Alola Rattatac
72%
Hisui Arcanin
67%
Alola Grotadmorv
67%
Alola Noadkoko
67%
Alola Tadmorv
67%
Hisui Caninos
66%
Alola Grolem
66%
Alola Racaillou
66%
Galar Galopa
65%
Pikachu
65%
Galar Ponyta
65%
Alola Taupiqueur
65%
Alola Triopikeur
65%
Hisui Typhlosion
65%
Alola Gravalanch
64%
Hisui Archéduc
63%
Hisui Electrode
62%
Hisui Voltorbe
62%
Hisui Clamiral
61%
Galar Artikodin
60%
Galar Smogogo
60%
Galar Sulfura
60%
Galar Electhor
59%
Alola Ossatueur
59%
Paldea Tauros
59%
Hisui Zoroark
58%
Hisui Zorua
58%
Arceus
55%
Palkia
55%
Paldea Axoloto
54%
Dialga
54%
Hisui Farfuret
54%
Galar Flagadoss
53%
Galar Zigzaton
53%
Galar Canarticho
52%
Hisui Fragilady
52%
Giratina
52%
Hisui Gueriaigle
52%
Galar Linéon
52%
Galar Ramoloss
52%
Galar Roigada
50%
Galar/ autre Darumacho
49%
Galar M. Mime
49%
Galar Corayon
47%
Hisui Séracrawl
47%
Bargantua
46%
Démeteros
46%
Boréas
45%
Fulguris
45%
Shaymin
44%
Galar Darumarond
43%
Hisui Muplodocus
43%
Kyurem
42%
Morphéo
42%
Hisui Qwilfish
42%
Deoxys
41%
Zygarde
41%
Hisui Colimucus
40%
Motisma
40%
Necrozma
40%
Galar Tutafeh
40%
Keldeo
38%
Galar Limonde
38%
Spinda
38%
Meloetta
37%
Plumeline
37%
Zacian
37%
Cheniselle
36%
Météno
36%
Prismillon
36%
Zamazenta
35%
Hoopa
34%
Silvallié
34%
Zarbi
34%
Cheniti
33%
Genesect
33%
Pichu
33%
Exagide
32%
Amovénus
31%
Ceriflor
31%
Couafarel
31%
Ogerpon
31%
Amphinobi
29%
Shifours
29%
Terapagos
29%
Tritosor
29%
Koraidon
28%
Miraidon
28%
Xerneas
28%
Froussardine
27%
Sancoki
27%
Floette
26%
Ursaking
26%
Flabébé
25%
Florges
25%
Haydaim
25%
Lougaroc
25%
Magearna
25%
Théffroi
25%
Vivaldaim
25%
Morpeko
24%
Sylveroy
24%
Mimiqui
23%
Polthégeist
23%
Charmilly
22%
Pitrouille
22%
Banshitrouye
21%
Poltchageist
21%
Théffroyable
21%
Bekaglaçon
20%
Famignol
20%
Tapatoès
20%
Deusolourdo
19%
Mordudor
18%
Marshadow
17%
Nigirigon
17%
Zarude
17%
Salarsen
16%
Nigosier
15%
Superdofin
11%
Aucun quiz correspondant
Distribution des résultats
% des personnes avec chaque résultat
Percentile par nombre de réponses
Votre historique - résultats
Vous n’avez pas pris ce quiz depuis la dernière actualisation